Kraje o najwyższym wskaźniku wolności prasy - Statystyki

Ogólne statystyki
  • Ten quiz został rozwiązany 49 razy
  • Średni wynik to 11 z 15
Statystyki odpowiedzi
Wskaźnik wolności prasy Państwo % Poprawnych
(1.) 6,72 Norwegia
100%
(4.) 8,57 Dania
98%
(2.) 6,99 Finlandia
98%
(3.) 7,24 Szwecja
98%
(13.) 15,24 Niemcy
96%
(10.) 10,55 Szwajcaria
87%
(14.) 15,25 Kanada
84%
(6.) 9,96 Holandia
82%
(11.) 11,69 Belgia
78%
(12.) 11,91 Irlandia
78%
(15.) 15,25 Estonia
73%
(8.)10,04 Nowa Zelandia
73%
(9.) 10,11 Portugalia
67%
(5.) 8,76 Kostaryka
9%
(7.) 9,96 Jamajka
4%
Nie znaleziono quizów pasujących do podanych kryteriów
Rozkład punktacji
Procent ludzi z każdym wynikiem
Percentyl według liczby udzielonych odpowiedzi
Twoja historia wyników
Nie rozwiązałeś tego quizu